000
00340nam a22001457a 4500
005
20160430115244.0
008
160430b xxu||||| |||| 00| 0 eng d
041
_a
eng
082
_b
1050
100
_a
Punjab Technical Institute.
_9
330
245
_a
quantative techniques MBA 104
300
_a
273
650
_a
Management
_9
241
942
_c
BK
999
_c
383
_d
383